Statistics for Countries From Four Words #15

Click here to take the quiz!

General Stats

  • This quiz has been taken 284 times
  • The average score is 14 of 28

Answer Stats

Country% Correct
Kazakhstan
83%
Kyrgyzstan
82%
Tajikistan
82%
Uzbekistan
82%
Iran
76%
Kenya
61%
Benin
59%
Ghana
55%
Turkey
54%
Haiti
53%
Niger
50%
Russia
50%
Nigeria
49%
Tanzania
46%
Azerbaijan
45%
Syria
45%
Ukraine
45%
Austria
44%
Argentina
43%
Kiribati
42%
Tunisia
42%
Bhutan
39%
Hungary
37%
Guyana
35%
Brunei
34%
Guinea
34%
Bahrain
32%
Serbia
32%

Score Distribution

Percentile by Number Answered

Percent of People with Each Score

Your Score History

You have not taken this quiz